MARC

LEADER 00000nam0a2200000 4500
001 196303
005 20231031183035.0
035 |a (RuTPU)RU\TPU\book\214151 
090 |a 196303 
100 |a 20110521d1977 km y0rusy50 ca 
101 0 |a rus 
102 |a RU 
105 |a y z 001zy 
200 1 |a Комплексный метод ВКБ в нелинейных уравнениях  |f В. П. Маслов 
210 |a Москва  |c Наука  |d 1977 
215 |a 384 с. 
225 1 |a Нелинейный анализ и его приложения 
320 |a Библиогр.: с.381-384. 
610 1 |a математика 
610 1 |a математический анализ 
610 1 |a нелинейный анализ 
610 1 |a нелинейные уравнения 
610 1 |a решения 
610 1 |a ВКБ-метод 
610 1 |a комплексный анализ 
675 |a 517.91  |v 3 
700 1 |a Маслов  |b В. П.  |g Виктор Павлович 
801 1 |a RU  |b 63413507  |c 20110521 
801 2 |a RU  |b 63413507  |c 20200817  |g RCR 
942 |c BK